000 01734nam2a2200349 4500
001 v19\rc\1322862
005 20250618120440.0
035 _a(NLR Aleph) 004559600
090 _a2255563
_c2255563
100 _a20060512d1830 |||y0rusy50 ca
101 0 _arus
102 _aRU
105 _ay z 000zy
200 0 _aЧ. 3
210 _d1830
_aБ. м.
215 _a[4], 162 с.
327 1 _aСодерж.: Чистосердечное признание в делах моих и помышлениях ; Поучение, говоренное в Духов день Иереем Василием в селе П* ; Отрывок из журнала путешествия в Вену ; Друг честных людей, или Стародум : периодическое издание, посвященное истине : [статьи для журнала] ; Выбор гувернёра : комедия
461 0 _1001v19\rc\1322859
_12001#$aПолное собрание сочинений Д. И. фон Визина$vЧ. 3
_1700#1$aФонвизин$bД. И.$f1745-1792$gДенис Иванович$3RU\NLR\AUTH\7711401
_92255529
_aФонвизин, Д. И. (1745-1792)
_cМосква
_d1830
_nСалаев
_oЧ. 1-4
_p4 т.
_tПолное собрание сочинений Д.И. Фон Визина
_vЧ. 3
801 0 _aRU
_bNLR
_gpsbo
801 0 _aRU
_bRuMoRGB
_2psbo
801 1 _aRU
_bProSoft-M
_2rusmarc
852 _aNLR
_j18.47.5.12(3)
852 _aNLR
_j130/3320(3)
899 _aRuMoRGB
_jU 27/495
899 _aRuMoRGB
_jE 85/399
899 _aБАН
899 _aНБ СПбГУ
899 _aГПИБ
899 _aНБ МГУ
942 _cBOOK
980 _aNB